01625cam a22004214i 4500003000900000005001700009008004100026035001900067040003300086082002100119100004100140245020800181264001900389300001900408336002100427337002500448338002300473526001000496526001000506526001000516526001000526526000800536526000800544526000800552526000800560526000800568526000800576526000800584600002800592650003700620650002300657942001400680949013800694596000600832999015400838980005500992952015601047PE-LiUPU20250731173157.0150623s r 000 0 d a(Sirsi) a29179 aPE-LiUPUbspacPE-LiUPUerda04a291.32bP.662211 aPiobb, Pierre, d1874-1942 ,eautor.10aLe Sort de l'Europe d'après la célèbre Prophétie des Papes de Saint Malachie accompagnée de la Prophétie d'Orval et des toutes dernières Indications de Nostradamus /cPierre-Vincenti Piobb. 1aParis, c1939. a261 páginas. atext2rdacontent aunmediated2rdamedia avolume2rdacarrier aSEG42 aSEG41 aSEG40 aSEG39 aP94 aP87 aP86 aP85 aP77 aP76 aP3504aNostradamusd1503-1566.04aIglesia CatólicaxProfecías.04aFranciaxHistoria. 2ddccBOOK a291.32 P.66wDEWEYc1i00135lCCODEBUL1mBULp00.00r0sYtBOOKu2015-06-24xBIBLIOTECAzUNKNOWN0COMPRAo.STAFF. Colección General a1 a291.32 P.66wDEWEYc36508i00135f2021-11-12g5lCCODEBUL1mBULr0sYtBOOKu2015-6-24xTEOLOGIAzUNKNOWN0COMPRAo.STAFF. Colección Generald36508 81gALBERTO SANCHEZ Responsable de Automatización r2025-12-02 00:00:00i6l0o291.32 P.66p00135te1w2015-06-24xPGyBKzinventario-2023-12-13102ddc50708GENfP94aBULbBULcGENd2015-06-24eCOMPRA